Statistiques concernant Inazuma Eleven - Quiz : trouver le personnage (Saison 1)

Cliquez ici pour prendre le quiz!

Statistiques générales

  • Ce quiz a été pris 3 171 fois
  • Le résultat moyen est 13 sur 20

Statistiques - réponses

IndiceRéponse% Correct
2 est le partenaire de 1Bobby
93%
1 a joué en AmériqueErik
92%
4 possède une technique avec des manchotsJude
92%
8 le premier joueur de Raimon a montré une supertechniqueMark
85%
9 est le joueur le plus rapide de RaimonNathan
85%
18 avait décidé d'arrêter le footballAxel
83%
5 est la soeur de 4Celia
83%
17 est le premier attaquant de Raimon à avoir eu une supertechniqueKévin
79%
16 est la manageuse de Raimon à être arriver en dernièreNelly
75%
14 a fui pendant le premier match de RaimonWilly
74%
7 possède une technique avec 8 et 18Jack
69%
3 a battu l'équipe de 4Byron
61%
6 a rejoint Raimon en même temps que 7Tod
59%
15 a fondé le club de Raimon avec 8Silvia
56%
20 est un adepte du kung-fuTimmy
54%
19 porte le numéro 8 de RaimonSam
48%
12 a deux frères et a joué dans la même équipe que 18Marvin
45%
13 joue dans la même équipe que 12Malcolm
37%
10 a perdu un défi contre 8Hillman
36%
11 et 10 ont joué dans la même équipeRay Dark
21%

Distribution des résultats

Percentile par nombre de réponses

% des personnes avec chaque résultat

Votre développement - résultats

Vous n’avez pas pris ce quiz